| 000 | 00000nam 2200000za 4500 |
| 001 | 9.822172 |
| 003 | CaOODSP |
| 005 | 20221107143629 |
| 007 | cr ||||||||||| |
| 008 | 160808s1975 onc oz f000 0 fre d |
| 040 | |aCaOODSP|bfre |
| 041 | |aeng|afre |
| 043 | |an-cn--- |
| 086 | 1 |aE3-1974/33-PDF|zE3-1974/33 |
| 245 | 00|aAtomic energy |h[ressource électronique] : |bexchange of notes between Canada and the Republic of Argentina = Énergie atomique : échange de notes entre le Canada et la République d'Argentine. |
| 246 | 31|aÉnergie atomique : |béchange de notes entre le Canada et la République d'Argentine |
| 246 | 16|aÉchange de notes entre le gouvernement du Canada et le gouvernement de la République d'Argentine constituant un accord relatif à la coopération nucléaire |
| 260 | |aOttawa : |bQueen's Printer = Imprimeur de la Reine, |cc1975. |
| 300 | |a5 p. |
| 490 | 1 |aTreaty series = Recueil des traités ; |v1974, n° 33 |
| 500 | |a« Buenos Aires, les 10 et 12 septembre 1974. En vigueur le 12 septembre 1974. » |
| 530 | |aÉgalement publ. en version imprimée. |
| 546 | |aTexte en anglais et en français. |
| 692 | 07|2gccst|aÉnergie nucléaire |
| 692 | 07|2gccst|aAccord international |
| 710 | 1 |aCanada. |bMinistère des affaires extérieures. |
| 791 | |tAtomic energy |eeng|w(CaOODSP)9.822171 |
| 830 | #0|aTreaty series = Recueil des traités ;|v1974, n° 33|w(CaOODSP)9.813202 |
| 856 | 40|qPDF|s395 Ko|uhttps://publications.gc.ca/collections/collection_2016/amc-gac/E3-1974-33.pdf |